Asian Landlocked Countries Quiz Stats

 Plays Quiz Updated Oct 22, 2018

Challenge
Share
Tweet
Embed
Score 0/12 Timer 02:00
3 Plays Today
Area (sq km) Country % Correct
1,564,100Mongolia
91.3%
147,181Nepal
86.2%
2,724,900Kazakhstan
80%
447,400Uzbekistan
79.1%
647,500Afghanistan
77.5%
488,100Turkmenistan
76.1%
143,100Tajikistan
73.3%
38,394Bhutan
71.8%
199,951Kyrgyzstan
70%
236,800Laos
69.6%
86,600Azerbaijan
62.3%
29,743Armenia
60.1%

You're not logged in!

Compare scores with friends on all Sporcle quizzes.
OR
Log In

You Might Also Like...

Show Comments

Extras

Top Quizzes Today


Score Distribution

Your Account Isn't Verified!

In order to create a playlist on Sporcle, you need to verify the email address you used during registration. Go to your Sporcle Settings to finish the process.

Report this User

Report this user for behavior that violates our Community Guidelines.

Details: